LEADER 01167nam0 22003133i 450 001 LIA0018665 005 20231121125510.0 100 $a20050218d1936 ||||0itac50 ba 101 | $aita 102 $ait 181 1$6z01$ai $bxxxe 182 1$6z01$an 200 1 $a˜La œrappresentazione di Santa Uliva$f Anonimo Fiorentino$glibero rifacimento di Corrado D'Errico 210 $aRoma$cEdizioni Sud$d1936 215 $a111 p., [2] c. di tav.$cill.$d17 cm. 225 | $aRepertorio$v1 410 0$1001CUB0015926$12001 $aRepertorio$v1 620 $aIT$dRoma$3LO1L002924 676 $a852.1$9Letteratura drammatica italiana. Origini-1375$v22 702 1$aD'Errico$b, Corrado$3LIAV014024 801 3$aIT$bIT-01$c20050218 850 $aIT-RM0290 $aIT-FR0017 899 $aBIBLIOTECA ANGELICA$bRM0290 899 $aBiblioteca umanistica Giorgio Aprea$bFR0017 $eN 912 $aLIA0018665 950 0$aBiblioteca umanistica Giorgio Aprea$d 52DFV E 26$e 52BUN0000112345 VMC RS $fC $h20170421$i20170421 977 $a 06$a 52 996 $aRappresentazione di Santa Uliva$9312208 997 $aUNICAS LEADER 00936nam0-2200277 --450 001 9911020974803321 005 20250828111709.0 010 $a978-88-481-4737-8 100 $a20250828d2024----kmuy0itay5050 ba 101 0 $aita 102 $aIT 105 $aa c 001yy 200 1 $aAutodesk AutoCAD 2025$eguida completa per architettura, meccanica e design$eprogettazione 2D, modellazione 3D, tavole tecniche, rendering, stampa 3D$fWerner Stefano Villa 210 $aMilano$cTecniche nuove$d2024 215 $aXV, 562 p.$cill.$d24 cm 225 1 $aVolcano Learning 300 $aIn copertina: Autodesk authorized publisher 700 1$aVilla,$bWerner Stefano$0523916 712 02$aTecniche nuove$c$4650 801 0$aIT$bUNINA$gREICAT$2UNIMARC 901 $aBK 912 $a9911020974803321 952 $aTECN B 2352$b556/2025$fFARBC 959 $aFARBC 996 $aAutodesk AutoCAD 2025$94424084 997 $aUNINA